000
00237 a2200109 4500
082
_a
891.4392TAJ
090
_c
39715
_d
39715
100
_a
Imtiaz ALi Taj
245
_a
Anar Kali
260
_b
Sang-e-Meel
942
_a
NUST-CAE
_k
891.4392TAJ
999
_c
473219
_d
473219